000 00408nam a2200145Ia 4500
008 231129s1996||||xx |||||||||||||| ||spa||
020 _a958-9077-09-9
040 _bspa
082 _a351.0073 H867d
100 _aHoyos Aristizabal Luis Alfonso
245 0 _aDescentralización: Reto Nacional
260 _c1996
264 _aSenado de la República
942 _2ddc
_cBKS
999 _c9074
_d9074